| 000 | 00365nam a2200157Ia 4500 | ||
|---|---|---|---|
| 999 |
_c446 _d446 |
||
| 003 | OSt | ||
| 005 | 20190918201446.0 | ||
| 008 | 190722s9999 xx 000 0 und d | ||
| 020 | _a978-0134670959 | ||
| 040 | _cmaju | ||
| 100 | _aWilliam Stallings | ||
| 245 | 0 | _aOperating Systems | |
| 260 |
_aIndia _bDorling Kindersely _c2015 |
||
| 300 | _a708 | ||
| 942 |
_cBK _2ddc |
||